| 000 | 00638nam a22001817a 4500 | ||
|---|---|---|---|
| 003 | OSt | ||
| 005 | 20180116183106.0 | ||
| 008 | 170824b xxu||||| |||| 00| 0 eng d | ||
| 020 | _a0 | ||
| 040 | _c0 | ||
| 082 | _a410 TRA 2008 | ||
| 100 | _aElizabeth Closs Traugott, Mary Louise Partt | ||
| 245 |
_aLinguistics for Students of Literature _bLanguage, Linguistics, and Literary Analysis _cElizabeth Closs Traugott, Mary Louise Partt |
||
| 260 |
_aRawalpindi _bNeelab Printers Rawalpindi ( National Book Foundation) _c2008 |
||
| 300 |
_a444p. _bHB |
||
| 440 | _aLinguistics for Students of Literature | ||
| 942 |
_2ddc _cBK _k410 TRA 2008 |
||
| 999 |
_c352076 _d352076 |
||